000 00235nam a2200097Ia 4500
005 20251222114407.0
008 251222s1900||||xx |||||||||||||| ||spa||
082 _aDVD0097/C64/2008
245 0 _aOdisea barroca:Baroque odyssey
942 _cDVD
999 _c1868
_d1868